Automata, computability and complexity : (Record no. 14772)
[ view plain ]
| 000 -LEADER | |
|---|---|
| fixed length control field | 01373cam a2200349 i 4500 |
| 001 - CONTROL NUMBER | |
| control field | 16063936 |
| 003 - CONTROL NUMBER IDENTIFIER | |
| control field | EG-ScBUE |
| 005 - DATE AND TIME OF LATEST TRANSACTION | |
| control field | 20250306094549.0 |
| 008 - FIXED-LENGTH DATA ELEMENTS--GENERAL INFORMATION | |
| fixed length control field | 100121t2008 njua f b 001 0 eng d |
| 020 ## - INTERNATIONAL STANDARD BOOK NUMBER | |
| International Standard Book Number | 0132288060 |
| 020 ## - INTERNATIONAL STANDARD BOOK NUMBER | |
| International Standard Book Number | 9780132288064 |
| 035 ## - SYSTEM CONTROL NUMBER | |
| System control number | (OCoLC)ocn184990945 |
| 040 ## - CATALOGING SOURCE | |
| Original cataloging agency | UMC |
| Language of cataloging | eng |
| Description conventions | rda |
| Transcribing agency | UMC |
| Modifying agency | BAKER |
| -- | CUY |
| -- | COD |
| -- | DLC |
| -- | EG-ScBUE |
| 082 04 - DEWEY DECIMAL CLASSIFICATION NUMBER | |
| Classification number | 511.3 |
| Item number | RIC |
| Edition number | 22 |
| 100 1# - MAIN ENTRY--PERSONAL NAME | |
| Personal name | Rich, Elaine, |
| Relator term | author. |
| 9 (RLIN) | 20453 |
| 245 10 - TITLE STATEMENT | |
| Title | Automata, computability and complexity : |
| Remainder of title | theory and applications / |
| Statement of responsibility, etc | Elaine Rich. |
| 264 #1 - PUBLICATION, DISTRIBUTION, ETC. (IMPRINT) | |
| Place of publication, distribution, etc | Upper Saddle River, N.J. : |
| Name of publisher, distributor, etc | Pearson Prentice Hall, |
| Date of publication, distribution, etc | [2008] |
| 264 #4 - PUBLICATION, DISTRIBUTION, ETC. (IMPRINT) | |
| Date of publication, distribution, etc | c2008 |
| 300 ## - PHYSICAL DESCRIPTION | |
| Extent | xx, 1099 pages : |
| Other physical details | illustrations ; |
| Dimensions | 25 cm |
| 336 ## - CONTENT TYPE | |
| Source | rdacontent |
| Content type term | text |
| Content type code | txt |
| 337 ## - MEDIA TYPE | |
| Media type term | unmediated |
| Source | rdamedia |
| Media type code | n |
| 338 ## - CARRIER TYPE | |
| Carrier type term | volume |
| Carrier type code | nc |
| Source | rdacarrier |
| 504 ## - BIBLIOGRAPHY, ETC. NOTE | |
| Bibliography, etc | Includes bibliographical references and index. |
| 505 0# - FORMATTED CONTENTS NOTE | |
| Formatted contents note | Finite state machines and regular languages -- Context-free languages and pushdown automata -- Turing machines and undecidability -- Complexity. |
| 650 #7 - SUBJECT ADDED ENTRY--TOPICAL TERM | |
| Topical term or geographic name as entry element | Machine theory. |
| Source of heading or term | BUEsh |
| 9 (RLIN) | 20454 |
| 650 #7 - SUBJECT ADDED ENTRY--TOPICAL TERM | |
| Topical term or geographic name as entry element | Computable functions. |
| Source of heading or term | BUEsh |
| 9 (RLIN) | 20455 |
| 650 #7 - SUBJECT ADDED ENTRY--TOPICAL TERM | |
| Topical term or geographic name as entry element | Computational complexity. |
| Source of heading or term | BUEsh |
| 9 (RLIN) | 20456 |
| 650 #7 - SUBJECT ADDED ENTRY--TOPICAL TERM | |
| Topical term or geographic name as entry element | Electronic data processing. |
| Source of heading or term | BUEsh |
| 9 (RLIN) | 20457 |
| 655 ## - INDEX TERM--GENRE/FORM | |
| Form subdivision | Reading book |
| 942 ## - ADDED ENTRY ELEMENTS (KOHA) | |
| Source of classification or shelving scheme | Dewey Decimal Classification |
| Koha item type | NB - Book (Non borrowing) |
| Withdrawn status | Lost status | Source of classification or shelving scheme | Damaged status | Not for loan | Collection code | Home library | Current library | Shelving location | Date acquired | Source of acquisition | Total Checkouts | Full call number | Barcode | Date last seen | Price effective from | Koha item type | Total Renewals | Date checked out |
|---|---|---|---|---|---|---|---|---|---|---|---|---|---|---|---|---|---|---|
| Dewey Decimal Classification | Baccah | Central Library | Central Library | First floor | 17/10/2010 | 511.3 RIC | 000022407 | 15/07/2025 | 17/10/2010 | NB - Book (Non borrowing) | ||||||||
| Dewey Decimal Classification | Baccah | Central Library | Central Library | First floor | 17/10/2010 | 1 | 511.3 RIC | 000022406 | 15/07/2025 | 17/10/2010 | Book - Borrowing | 19 | 17/10/2010 | |||||
| Dewey Decimal Classification | Baccah | Central Library | Central Library | First floor | 17/10/2010 | 3 | 511.3 RIC | 000022405 | 15/07/2025 | 17/10/2010 | Book - Borrowing | 13 | 26/03/2024 |